This is America
Na minha lista:
| Formato: | Livro |
|---|---|
| Idioma: | inglês |
| Publicado em: |
Washington
United States Information Agency
[1993]
|
| Edição: | 1. ed. |
| Assuntos: | |
| Tags: |
Sem tags, seja o primeiro a adicionar uma tag!
|
MARC
| LEADER | 00000nam a2200000 4500 | ||
|---|---|---|---|
| 001 | c005477 | ||
| 005 | 20221206075127.8 | ||
| 041 | 0 | |a eng | |
| 044 | |a US | ||
| 245 | 1 | 0 | |a This is America |
| 250 | |a 1. ed. | ||
| 264 | 1 | |a Washington |b United States Information Agency |c [1993] | |
| 300 | |a 104 s. | ||
| 610 | 2 | 0 | |a USA |
| 610 | 2 | 0 | |a vláda |
| 610 | 2 | 0 | |a zdroje prírodné |
| 610 | 2 | 0 | |a hospodárstvo národné |
| 610 | 2 | 0 | |a umenie |
| 610 | 2 | 0 | |a úroveň životná |
| 610 | 2 | 0 | |a zdravotníctvo |
| 610 | 2 | 0 | |a vzdelanie |
| 610 | 2 | 0 | |a zabezpečenie sociálne |
| 610 | 2 | 0 | |a práca |
| 610 | 2 | 0 | |a ženy |
| 610 | 2 | 0 | |a mládež |
| 610 | 2 | 0 | |a rekreácia |
| 610 | 2 | 0 | |a náboženstvo |
| 610 | 2 | 0 | |a pomoc zahraničná |
| 610 | 2 | 0 | |a história |